No. 4898, in Court of Appeals of D.C., Oct. term; city of New York, appellant volume Federal Radio Commission, appellee : Brief for Federal Radio Commission.

Bibliographic Details
Corporate Author: United States. Federal Radio Commission
Format: Government Document eBook
Language:English
Published: Washington : U.S. GPO, 1929.
Subjects:
Online Access:Connect to the full text of this electronic document

MARC

Tag First Indicator Second Indicator Subfields
LEADER 00000cam a22000001a 4500
001 in00003772601
005 20190409170656.0
006 m o d f
007 cr bn mmmapmmp
008 040322s1929 dcu o f000 0 eng d
035 |a ebd1910704765 
040 |a UMI  |c UMI  |d UtOrBLW 
086 0 |a RC 1.7:N 42y 
099 |a RC1.7-19 
245 0 0 |a No. 4898, in Court of Appeals of D.C., Oct. term; city of New York, appellant volume Federal Radio Commission, appellee :  |b Brief for Federal Radio Commission. 
264 1 |a Washington :  |b U.S. GPO,  |c 1929. 
300 |a 1 online resource (ii+22 pages) 
336 |a text  |b txt  |2 rdacontent 
337 |a computer  |b c  |2 rdamedia 
338 |a online resource  |b cr  |2 rdacarrier 
500 |a [text; on denial of request for modified radio broadcasting license; with data on population and radio station, by locality]. 
500 |a Record is based on bibliographic data in ProQuest U.S. Executive Branch Documents, 1910-1932. Reuse except for individual research requires license from ProQuest, LLC. 
533 |a Electronic reproduction.  |b [Bethesda, Md.] :  |c ProQuest,  |d 2012.  |e digital, PDF file.  |n ProQuest U.S. Executive Branch Documents, 1910-1932.  |n Mode of access: World Wide Web via ProQuest website. 
538 |a System requirements: PDF reader software. 
500 |a Electronic resource. 
610 1 0 |a United States.  |b Federal Radio Commission.  |0 http://id.loc.gov/authorities/names/n80051252 
650 0 |a Licenses.  |0 http://id.loc.gov/authorities/subjects/sh85076763 
650 0 |a Radio.  |0 http://id.loc.gov/authorities/subjects/sh85110385 
651 0 |a New York (N.Y.)  |0 http://id.loc.gov/authorities/names/n79007751 
655 7 |a Electronic books.  |2 local 
710 1 |a United States.  |b Federal Radio Commission.  |0 http://id.loc.gov/authorities/names/n80051252 
776 1 8 |i Microfiche version:  |t No. 4898, in Court of Appeals of D.C., Oct. term; city of New York, appellant v. Federal Radio Commission, appellee  |o CIS US Exec MF RC1.7-19  |w (ProQuest)cis19172946 
856 4 0 |u http://proxy.library.tamu.edu/login?url=http://congressional.proquest.com/congressional/docview/t66.d71.rc1.7-19  |z Connect to the full text of this electronic document  |t 0 
999 f f |s cd81a8a2-9f4c-3ccc-9f91-9e4751a5868b  |i a03d7bc5-e065-388a-818e-4586b9905b3e  |t 0 
952 f f |a Texas A&M University  |b College Station  |c Electronic Resources  |d Available Online  |t 0  |h No information provided 
998 f f |t 0  |l Available Online